000 00294nam a22001097a 4500
999 _c13627
_d13627
082 _a891.4393
100 _aمقبول ارشد
245 _aمشہور لوگوں کی عظیم مائیں
260 _aلاہور
_bحق پبلیکیشنز
_c٢٠٠٤
300 _a٣٢٤ صفحات
942 _cBK